Estatísticas para Twilight

Clique aqui para jogar o quiz

Estatísticas Gerais

  • Esse quiz foi jogado 30 vezes
  • A pontuação média é 11 de 15

Estatísticas das Respostas

HintResposta% Correto
Quantos anos tem a protagonista?17
100%
Quem são os protagonistas?Bella e Edward
100%
Que tipo de espécie é Edward?Vampiro
100%
Quantos livros tem a série?4
96%
A que género literário pertencem estes livros?Romance
96%
Qual a espécie é Jacob?Lobisomem
84%
Que tipo de sangue se alimentam os Cullen?Sangue Animal
80%
Qual o poder de Alice?Prever o futuro
76%
Qual o poder de Edward?Ler mentes
72%
Como se chama o pai da protagonista?Charlie
68%
Para que cidade se mudou a protagonista?Forks
68%
Que vampiro obcecado persegue a protagonista?James
64%
Em que cidade vivia a protagonista com a mãe?Phoenix
52%
Quem é a autora dos livros?Stephenie Meyer
52%
Como se chamavam os amigos do vampiro obcecado?Victoria e Laurent
32%

Distribuição das Pontuações

Percentil de Números Respondidos

Porcentagem de Pessoas com Cada Pontuação

Sua Pontuação Histórica

Você não jogou esse quiz